Into the wilderness / Sara Donati.
A judge's daughter elopes with a white adventurer in Colonial America. Elizabeth arrived from England to marry a doctor, but is smitten by Nathaniel, a man raised by the Mohawks. The doctor, however, refuses to give her up and pursues them.
Record details
- ISBN: 9780385342575
- ISBN: 0385342578
- ISBN: 9780857989772
- ISBN: 0857989774
- Physical Description: 876 pages : illustrations ; 21 cm
- Publisher: New York : Delta Trade Pbks., 2008, ©1998.
Search for related items by subject
| Subject: | Frontier and pioneer life > Fiction. Pioneers > Fiction. Mohawk Indians > Fiction. New York (State) > History > 1775-1865 > Fiction. |
| Genre: | Historical fiction. |
Search for related items by series
Available copies
- 1 of 1 copy available at scottsboropl.
Holds
- 0 current holds with 1 total copy.
Show Only Available Copies
| Location | Call Number / Copy Notes | Barcode | Shelving Location | Status | Due Date |
|---|---|---|---|---|---|
| scottsboropl | F Don | 32269001009797 | Adult - Fiction | Available | - |
| LDR | 01481nam a2200385Ii 4500 | ||
|---|---|---|---|
| 001 | 142965 | ||
| 003 | CONS | ||
| 005 | 20170328090745.0 | ||
| 008 | 081003r20081998nyua 000 1 eng | ||
| 020 | . | ‡a9780385342575 ‡q(pbk.) | |
| 020 | . | ‡a0385342578 ‡q(pbk.) | |
| 020 | . | ‡a9780857989772 | |
| 020 | . | ‡a0857989774 | |
| 035 | . | ‡a(CPomAG)LMN598685 | |
| 043 | . | ‡an-us-ny | |
| 050 | 4. | ‡aPS3554.O46923 ‡bI5 2008 | |
| 082 | 0 | 4. | ‡aFIC ‡bDONATI |
| 100 | 1 | . | ‡aDonati, Sara, ‡d1956- |
| 245 | 1 | 0. | ‡aInto the wilderness / ‡cSara Donati. |
| 260 | . | ‡aNew York : ‡bDelta Trade Pbks., ‡c2008, ©1998. | |
| 300 | . | ‡a876 pages : ‡billustrations ; ‡c21 cm | |
| 336 | . | ‡atext ‡btxt ‡2rdacontent | |
| 337 | . | ‡aunmediated ‡bn ‡2rdamedia | |
| 338 | . | ‡avolume ‡bnc ‡2rdacarrier | |
| 490 | 1 | . | ‡aWilderness ; ‡v1 |
| 520 | . | ‡aA judge's daughter elopes with a white adventurer in Colonial America. Elizabeth arrived from England to marry a doctor, but is smitten by Nathaniel, a man raised by the Mohawks. The doctor, however, refuses to give her up and pursues them. | |
| 648 | 7. | ‡a1775 - 1865. | |
| 650 | 0. | ‡aFrontier and pioneer life ‡vFiction. | |
| 650 | 0. | ‡aPioneers ‡vFiction. | |
| 650 | 0. | ‡aMohawk Indians ‡vFiction. | |
| 651 | 0. | ‡aNew York (State) ‡xHistory ‡y1775-1865 ‡vFiction. | |
| 655 | 7. | ‡aHistorical fiction. ‡2lcgft | |
| 800 | 1 | . | ‡aDonati, Sara, ‡d1956- ‡tWilderness ; ‡v1. |
| 959 | . | ‡i32269001009797 ‡lF Don ‡aAdult - Fiction ‡tFiction ‡g17.00 | |
| 852 | . | ‡p32269001009797 ‡jF Don ‡gAdult - Fiction ‡cFiction ‡y17.00 ‡bSBPL | |
| 901 | . | ‡a142965 ‡bUnknown ‡c142965 ‡tbiblio | |